<?xml version="1.0" encoding="UTF-8"?>
<record
    xmlns:xsi="http://www.w3.org/2001/XMLSchema-instance"
    xsi:schemaLocation="http://www.loc.gov/MARC21/slim http://www.loc.gov/standards/marcxml/schema/MARC21slim.xsd"
    xmlns="http://www.loc.gov/MARC21/slim">

  <leader>01311    a2200205   4500</leader>
  <controlfield tag="001">39955</controlfield>
  <controlfield tag="005">20260407155656.0</controlfield>
  <controlfield tag="008">260407a1970    arg                 spa d</controlfield>
  <controlfield tag="003">AR-UNSa-BCEJYS</controlfield>
  <datafield tag="040" ind1=" " ind2=" ">
    <subfield code="a">AR-UNSa-BCEJYS</subfield>
    <subfield code="b">spa</subfield>
    <subfield code="c">AR-UNSa-BCEJYS</subfield>
  </datafield>
  <datafield tag="080" ind1=" " ind2=" ">
    <subfield code="a">911.3</subfield>
    <subfield code="x">Geograf&#xED;a humana. Geograf&#xED;a de los factores culturales</subfield>
  </datafield>
  <datafield tag="245" ind1="1" ind2="0">
    <subfield code="a">La acci&#xF3;n del hombre y el medio geogr&#xE1;fico</subfield>
  </datafield>
  <datafield tag="264" ind1=" " ind2="1">
    <subfield code="a">Barcelona :</subfield>
    <subfield code="b">Ediciones Pen&#xED;nsula</subfield>
    <subfield code="c">1970</subfield>
  </datafield>
  <datafield tag="300" ind1=" " ind2=" ">
    <subfield code="a">246 p.</subfield>
    <subfield code="c">20 cm.</subfield>
  </datafield>
  <datafield tag="505" ind1=" " ind2=" ">
    <subfield code="a">Parte I: El espacio inorganizado: 1. La geograf&#xED;a natural soportada - 2. Ejemplos regionales - Parte II: La organizaci&#xF3;n del espacio argricola : 1. Del espacio agricola al paisaje rural - 2. Organizaci&#xF3;n social y organizaci&#xF3;n econ&#xF3;mica del espacio agr&#xED;cola - Parte III: La organizaci&#xF3;n del espacio industrial : 1. Un cambio de dimensiones y un cambio de valor - 2. Las estructuras y las t&#xE9;cnicas. La localizaci&#xF3;n del espacio industrial - 3. Del espacio especializado al espacio globalizado - 4. La regi&#xF3;n, tema geograf&#xED;co de la organizaci&#xF3;n del espacio - Parte IV: Grandes problemas y grandes  trabajos : 1. Presi&#xF3;n de poblaci&#xF3;n y desarrollo - 2. Las grandes operaciones de ordenaci&#xF3;n - Conclusi&#xF3;n - </subfield>
  </datafield>
  <datafield tag="041" ind1=" " ind2=" ">
    <subfield code="a">spa</subfield>
  </datafield>
  <datafield tag="942" ind1=" " ind2=" ">
    <subfield code="c">BK</subfield>
  </datafield>
  <datafield tag="590" ind1=" " ind2=" ">
    <subfield code="a">niveau_biblio:m niveau_hierar:0</subfield>
  </datafield>
  <datafield tag="100" ind1="1" ind2=" ">
    <subfield code="a">George, Pierre</subfield>
  </datafield>
  <datafield tag="999" ind1=" " ind2=" ">
    <subfield code="c">3170</subfield>
    <subfield code="d">3170</subfield>
  </datafield>
  <datafield tag="952" ind1=" " ind2=" ">
    <subfield code="0">0</subfield>
    <subfield code="1">0</subfield>
    <subfield code="4">0</subfield>
    <subfield code="7">0</subfield>
    <subfield code="a">BCEJYS</subfield>
    <subfield code="b">BCEJYS</subfield>
    <subfield code="c">16</subfield>
    <subfield code="d">2026-04-07</subfield>
    <subfield code="l">0</subfield>
    <subfield code="o">911.3 G346a</subfield>
    <subfield code="p">L23581</subfield>
    <subfield code="r">2026-04-07 15:56:56</subfield>
    <subfield code="w">2026-04-07</subfield>
    <subfield code="y">L</subfield>
  </datafield>
</record>
